000 00569nam a2200241Ia 4500
003 IT-RoPAU
008 120407s9999 xx 000 0 und d
040 _aIT-RoPAU
040 _cIT-RoPAU
041 _aita
100 _aJean Piaget
245 _aPsicologia dell’intelligenza. Trad. di Giorgi. Presentazione di A. Marzi. 5. ed.
250 _aFirenze
260 _aGiunti
260 _c1970
300 _a214 p.
300 _c20,5 cm
490 _aCollezione psicologica
490 _v1
600 _a1. Intelligenza
942 _cBK
999 _c28945
_d28945